101 sơ đồ hướng dẩn hạch toán và hướng dẩn chuyển sổ kế toán 101 sơ đồ hướng dẩn hạch toán và hướng dẩn chuyển sổ kế toán
Đã lưu trong:
| 主要作者: | |
|---|---|
| 格式: | 图书 |
| 语言: | Undetermined |
| 出版: |
Hà Nội
Tài chính
1996
|
| 主题: | |
| 标签: |
添加标签
没有标签, 成为第一个标记此记录!
|
| Thư viện lưu trữ: | Trung tâm Học liệu Trường Đại học Cần Thơ |
|---|
| LEADER | 00739nam a2200193Ia 4500 | ||
|---|---|---|---|
| 001 | CTU_23638 | ||
| 008 | 210402s9999 xx 000 0 und d | ||
| 082 | |a 657 | ||
| 082 | |b Th107 | ||
| 100 | |a Đặng, Văn Thanh | ||
| 245 | 0 | |a 101 sơ đồ hướng dẩn hạch toán và hướng dẩn chuyển sổ kế toán | |
| 245 | 0 | |b 101 sơ đồ hướng dẩn hạch toán và hướng dẩn chuyển sổ kế toán | |
| 245 | 0 | |c Đặng Văn Thanh chủ biên | |
| 260 | |a Hà Nội | ||
| 260 | |b Tài chính | ||
| 260 | |c 1996 | ||
| 650 | |a accounting,accounting - study and teaching | ||
| 904 | |i Phượng,980508 | ||
| 980 | |a Trung tâm Học liệu Trường Đại học Cần Thơ | ||